Normal view
MARC view
- Wright, John
Entry Personal Name
001 - CONTROL NUMBER
- control field: 54858
003 - CONTROL NUMBER IDENTIFIER
- control field: NUST
005 - DATE AND TIME OF LATEST TRANSACTION
- control field: 20210421120102.0
008 - FIXED-LENGTH DATA ELEMENTS
- fixed length control field: 210421|| aca||aabn | a|a d
040 ## - CATALOGING SOURCE
- Original cataloging agency: NUST
- Transcribing agency: NUST
100 ## - HEADING--PERSONAL NAME
- Personal name: Wright, John
670 ## - SOURCE DATA FOUND
- Source citation: Work cat.: (NUST): Wright, John, Introduction to materials & processes /, 1996
